00352nam a2200121 4500082001100000100001100011245011400022260003200136300001200168526001900180650001300199700001800212 aP-228. aZahid. aConnection of assualt bridges am-50 and hmb by providing an intermediate member.cUmais, Asif, Waqas, Shujah. aRisalpur:bMCE.c13-05-2002 a134 p.: a0b0c0dP_228 aProject. aFaisal Muarik